| 000 | 01065nam a22003257a 4500 | ||
|---|---|---|---|
| 003 | CHAP | ||
| 005 | 20220329140916.0 | ||
| 008 | 971013s1994 us a r 00010 eng d | ||
| 010 | _a59636 | ||
| 011 | _a60608 | ||
| 035 | _a64770 | ||
| 040 | _cCHAP | ||
| 082 | 0 | 4 |
_a631.544 _bM3 1994 |
| 100 | 0 | 0 |
_aHolcomb, E. Jay _eed. _955903 |
| 245 | 1 |
_aBedding plants IV _b: a manual on the culture of bedding plants as a greenhouse crop |
|
| 250 | _a4 ed. | ||
| 260 |
_aBatavia, Ill. : _bBall, _c1994 |
||
| 300 |
_a430 p. _b: ilus. |
||
| 500 | _aLa 3 ed. está edit. por Mastalerz, John W. | ||
| 590 |
_aBATCH-UPD _b10 _c20130110 _lUCH01 _h1506 |
||
| 590 |
_aBATCH-UPD _b10 _c20130410 _lUCH01 _h0925 |
||
| 590 |
_aBATCH-UPD _b10 _c20130914 _lUCH01 _h1129 |
||
| 590 |
_aCONVERSION _b10 _c20130109 _lUCH01 _h1332 |
||
| 650 | 1 | 4 |
_aCultivos en invernadero. _930376 |
| 650 | 1 | 4 |
_aFloricultura. _941822 |
| 650 | 1 | 4 |
_aPropagación de plantas. _992417 |
| 901 | _aBK | ||
| 942 | _cLIBRO | ||
| 949 |
_a631.544 M3 1994 _bBC _cLIBRO _d33724000084455 _eLIBRO _gI.180526 _h90146 _i64770 _si _t212.00 |
||
| 999 |
_c59636 _d59636 |
||